What's in a Pixar Name? Quiz Stats

Quiz Updated Jan 3, 2018

Challenge
Share
Tweet
Embed
Score 0/20 Timer 03:00
0 Plays Today
% Correct
Linguini
94.6%
Buzz
94.6%
Eve
94%
Fungus
93.9%
Spot
93.7%
Lightning
93%
Mirage
93%
Dash
92.1%
Violet
92%
Buck
91.6%
% Correct
Syndrome
91.4%
Storm
91.4%
Dug
91.3%
Ego
90.2%
Woody
88.8%
Bloat
88.6%
Bong
86.5%
Crush
85.8%
Hopper
81.4%
Jangles
68.3%

You're not logged in!

Compare scores with friends on all Sporcle quizzes.
Sign Up with Email
OR
Log In

You Might Also Like...

Show Comments

Extras

Top Quizzes Today


Score Distribution

Your Account Isn't Verified!

In order to create a playlist on Sporcle, you need to verify the email address you used during registration. Go to your Sporcle Settings to finish the process.

Report this User

Report this user for behavior that violates our Community Guidelines.

Details: